000 00969nam a2200253 a 4500
001 000000743
003 DO-SdBNP
005 20220711132216.0
008 090429s2003 dr a 000 0 spa d
040 _aDO-SdBNP
_bspa
_cBNPHU
082 4 _a307.76097293
_bA991g
100 1 _aAza, Carmen Cris de
_92532
245 1 0 _aGautier de Batey a villa (monografía) :
_bdel desconcierto a la esperanza /
_cCarmen Cris de Aza, Carlos Arias.
260 _aSanto Domingo :
_bIDAC,
_c2003.
300 _a103 p. :
_bil. ;
_c28 cm.
504 _aIncluye bibliografía
650 4 _aCiudades y pueblos
_zRepública Dominicana
_9784
650 4 _aDesarrollo de la comunidad
_zRepública Dominicana
_92533
651 4 _aRepública Dominicana
_xPoblación
_xCondiciones sociales
_92080
651 4 _aRepública Dominicana
_xCondiciones económicas
_9281
700 1 _aArias, Carlos
_92534
700 0 _aInstituto de Acción Comunitaria IDAC (República Dominicana)
_92535
942 _2ddc
_cLBS1
999 _c739
_d739